Capital markets (Record no. 32299)

MARC details
000 -LEADER
fixed length control field 00909cam a22002654a 4500
005 - DATE AND TIME OF LATEST TRANSACTION
control field 20090520130108.0
008 - FIXED-LENGTH DATA ELEMENTS--GENERAL INFORMATION
fixed length control field 091207t xxu||||| |||| 00| 0 eng d
010 ## - LCCN (DPL NO)
LC control number ENG-95610
020 ## - INTERNATIONAL STANDARD BOOK NUMBER
International Standard Book Number 9788120338265
Terms of availability 450.00
035 ## - SYSTEM CONTROL NUMBER
System control number EN-79143
037 ## - SOURCE OF ACQUISITION
Stock number DBAD/PUB
040 ## - CATALOGING SOURCE
Original cataloging agency DPL
100 ## - MAIN ENTRY--PERSONAL NAME
Personal name Frank J. Fabozzi
245 ## - TITLE STATEMENT
Title Capital markets
Statement of responsibility, etc by Farank J. Fabozzi, Farnco Modigliani
Remainder of title Institutions and Instruments
250 ## - EDITION STATEMENT
Edition statement 4th ed.
260 ## - PUBLICATION, DISTRIBUTION, ETC. (IMPRINT)
Place of publication, distribution, etc New Delhi :
Name of publisher, distributor, etc PHI Learning Pri. Ltd.
Date of publication, distribution, etc 2009
270 ## - ADDRESS
Address M- 97 , Connaught circus
City New Delhi
Postal code 110001
300 ## - PHYSICAL DESCRIPTION
Extent xvi, 680p. ;
Dimensions 26 cm.(Hb)
500 ## - GENERAL NOTE
General note Includes index.
504 ## - BIBLIOGRAPHY, ETC. NOTE
Bibliography, etc Includes Index
700 ## - ADDED ENTRY--PERSONAL NAME
Personal name Modigliani, Franco
942 ## - ADDED ENTRY ELEMENTS (KOHA)
Source of classification or shelving scheme Dewey Decimal Classification
Item type English Books
Call number suffix FAR
Holdings
Withdrawn status Lost status Source of classification or shelving scheme Damaged status Not for loan Collection code Home library Current library Date acquired Source of acquisition Cost, normal purchase price Total Checkouts Full call number Barcode Date last seen Copy number Cost, replacement price Koha item type
    Dewey Decimal Classification   Not For Loan Non-fiction D.B.Act.Division D.B.Act.Division 09/12/2009 DBAD / PUB 450.00   FAR EN-79143 09/12/2009 1 450.00 English Books

© Delhi Public Library
Hit Counter
free hit counter